000 00937nam a22002057a 4500
999 _c27591
_d27591
003 BDDh-ASL
005 20231016062616.0
008 201024s19871969b ||||| |||| 00| 0 b d
040 _aBDDh-ASL
_cBDDh-ASL
041 _aben
082 _a921
_bKID
100 1 _95768
_aকিসমতী, জুলফিকার আহমদ
245 1 0 _aদার্শনিক শাহ ওয়ালিউল্লাহ দেহলভী (রহ:) ও তাঁর চিন্তাধারা /
246 _aDarshanik Shah Waliullah Dehlavee (RH.) O Tar Chintadhara
260 _aঢাকা :
_bইসলামিক ফাউন্ডেশন বাংলাদেশ,
_c১৯৮৭।
300 _a৪০ পৃ. :
_c২২ সে. মি.
600 1 0 _95769
_aদেহলভী, শাহ ওয়ালীউল্লাহ
650 0 _abiographical dictionary - চরিতাভিধান
_94665
942 _2ddc
_cBK